| 000 | 00518 a2200157 4500 | ||
|---|---|---|---|
| 001 | 88513 | ||
| 082 | _a621.3848 SOU | ||
| 090 |
_c41901 _d41901 |
||
| 100 | _aSoumekh, Mehrdad; Robert N. McDonough | ||
| 245 | _aSynthetic Aperture Radar Signal Processing with MATLAB algorithms | ||
| 260 |
_aNY _bWiley Interscience Publication _c1999 |
||
| 300 |
_axxvii, 616 p. _bHb |
||
| 500 | _aavionics | ||
| 600 | _aSignal Processing- mathematics | ||
| 740 |
_aMATLAB algorithms _hSynthetic Aperture Radar Signal Processing |
||
| 942 |
_aCAE NUST _k621.3849 SOU |
||
| 999 |
_c323586 _d323586 |
||